00479nam a2200169Ia 4500008004100000040001900041041001200060082002000072100001900092245006000111260004300171300001800214504001900232650001900251651002100270850001800291131103s9999 xx 000 0 und d aLoreto College aEnglish a950/CRObLCLIB/ aCrofts, Alfred 2aA history of the far eastcAlfred Crofts;Percy Buchanan aBombaybAllied pacific pvt. ltd.c1961 a623p c 21cm. aIncludes index aBuchanan Percy aHistory-Far East aLCLIB/950/CRO